Responses for Show #676 - Monday, July 13, 1987

"Signature game" with all clues prepared by Jeopardy! researcher Ruth Deutsch.
Missing last response and wager in Final Jeopardy! Round.

Contestants

Dale Schweinsberg, a U.S. Army officer from Rome, New York

Judi Chamberlin, a program administrator originally from New York City

David Peterman, an area manager from Laguna Nigel, California (whose 3-day cash winnings total $7,300)

[next game >>]

Jeopardy! Round responses

EVERYDAY SCIENCE
AIRPORTS
TV IN FILM
THE JUNGLE
END OF THE WAR
READ THE LABEL!
    $100 1
carbon

David
    $100 16
UFOs

Dale
    $100 11
Network

David
    $100 12
a machete

David
    $100 25
the Revolutionary War

David
    $100 3
deodorant

David
    $200 2
lead

Judi
    $200 17
(Judi: What is a ticket?)
(Alex: No.)
(Judi: Or boarding pa--[stifles herself])
...
(Alex: You have to be careful, Judi, about blurting out responses. They help your opponents.)

a boarding pass

JudiDale
    $200 18
Tootsie

Judi
    $200 13
(Alex: Yes, it's a woody vine.)

swinging

David
    $200 26
Syria

Dale
    $200 7
(Dale: What is to use this film?)

develop it

JudiDale
    $300 4
(David: What are the whites?)

air (bubbles)

DavidJudi
    $300 22
[Dale gave both listed responses.]

people (former members)

Dale
    $300 19
a tape

Dale
    $300 14
a chicken

David
    $300 27
[The end-of-round signal sounds.]

the Boers' War

Dale
    $300 8
Mr. Clean

Judi
    $400 5
mothballs

David
    $1,100 23
(Alex: We've got about a minute to go overall in the round.)

John Wayne

Dale
    $400 20
(Alex: He appeared as Luke on that show.)

The Real McCoys

David
    $400 15
flying

Dale
    $400 9
(David: ...Sorry.)

Paul Newman's vinegar & oil salad dressing

David
Triple Stumper
    $500 6
the wire breaks (or melts) inside, the contact is broken

David
    $500 24
New York City & Washington, D.C.

Dale
    $500 21
on trees (or other plants)

David
    $500 10
(Judi: What is to suck on it or chew it?)

make tea from it

Judi
Triple Stumper

Scores at the first commercial break (after clue 11):

David Judi Dale
$500 $500 -$200

Scores at the end of the Jeopardy! Round:

David Judi Dale
$2,100 $500 $3,200

Double Jeopardy! Round responses

ART
POLITICAL NICKNAMES
LIES
'60s BRITISH ROCK
"PUN"s
POPE-POURRI
(Alex: Guess what those clues have to do with.)
    $200 19
Audubon

David
    $200 10
Deep Throat

Judi
    $200 1
(Alex: Yes, it was a tale made up by somebody else.)

a lie

Dale
    $200 3
the Rolling Stones

Judi
    $200 6
punctuation

Dale
    $200 26
a dove

Dale
    $400 20
(James McNeill) Whistler

Judi
    $400 11
Margaret Thatcher

Judi
    $400 2
(James Earl) Ray

David
    $400 5
[Alex reads "DC5" in the clue as "Dave Clark Five".]

The Ed Sullivan Show

Dale
    $400 7
a punt return

Judi
    $400 27
[The end-of-round signal sounds.]

if they're male & Catholic

Dale
    $700 21
Picasso

Judi
    $600 12
(Sam) Hayakawa

David
    $600 4
Liars' Club

David
    $600 13
Petula Clark

David
    $600 15
punk rock

Dale
    $800 22
(Alex: The portrait was entitled, appropriately enough, [*]. That's what the pet was.)

pig

Triple Stumper
    $800 23
(Alex: We've got less than a minute to go.)

Dewey

Judi
    $800 8
(Alex: He was quoting Benjamin Disraeli and he was referring to [*], the other kind of lie.)

statistics

Triple Stumper
    $800 14
Donovan

Judi
    $800 16
pungent

Triple Stumper
    $1000 25
the National Portrait Gallery

Triple Stumper
    $1000 24
Helen Gahagan Douglas

Judi
    $1000 9
Baron Munchausen

Judi
    $1000 18
McCartney & Lennon

Dale
    $1000 17
(David: What is punishment?)
(Alex: Be more specific.)

corporal punishment

David

Scores at the end of the Double Jeopardy! Round:

David Judi Dale
$5,500 $6,400 $6,200

[wagering suggestions for these scores]

Final Jeopardy! Round responses

U.S. CITIES
(Alex: All right, we're out of time, and we're going to start down here with David Peterman, who wrote something down, and then at the very last second, crossed it off, and wrote something else in, and I saw what he wrote.)
DavidWhat is? New York & Phila. LA & SD Ca.
$5,399
DaleWhat are New York City and Philadelphia.
$6,200
Judi[response and wager missing]
$6,001
New York City & Philadelphia

Final scores:

David Judi Dale
$101 $399 $12,400
3rd place: Yamaha PSR-60 portable keyboard 2nd place: a trip to the Caribbean on Eastern Airlines + a week at the Bahamas Princess Resort and Casino on Grand Bahamas Island New champion: $12,400

Game dynamics:

Coryat scores:

David Judi Dale
$5,500 $6,300 $5,500
17 R,
2 W
15 R
(including 1 DD),
2 W
16 R
(including 1 DD),
1 W

Combined Coryat: $17,300

[game clues] [game scores] [suggest correction]

Game tape date: 1987-03-10
The J! Archive is created by fans, for fans. Scraping, republication, monetization, and malicious use prohibited; this site may use cookies and collect identifying information. See terms. The Jeopardy! game show and all elements thereof, including but not limited to copyright and trademark thereto, are the property of Jeopardy Productions, Inc. and are protected under law. This website is not affiliated with, sponsored by, or operated by Jeopardy Productions, Inc. Join the discussion at JBoard.tv.